How to survive as a consumer (Record no. 493713)

000 -LEADER
fixed length control field 00384cam a22001337a 4500
008 - FIXED-LENGTH DATA ELEMENTS--GENERAL INFORMATION
fixed length control field 180718b1998 xxu||||| |||| 00| 0 eng d
020 ## - INTERNATIONAL STANDARD BOOK NUMBER
International Standard Book Number 8187222131
082 ## - DEWEY DECIMAL CLASSIFICATION NUMBER
Classification number T344x54 M566
100 ## - MAIN ENTRY--PERSONAL NAME
Personal name Mehta, Pradeep S.
245 ## - TITLE STATEMENT
Title How to survive as a consumer
Statement of responsibility, etc. by Pradeep S. Mehta
260 ## - PUBLICATION, DISTRIBUTION, ETC.
Place of publication, distribution, etc. Jaipur
Name of publisher, distributor, etc. Consumer Unity & Trust Society
Date of publication, distribution, etc. 1998
300 ## - PHYSICAL DESCRIPTION
Extent 316p.
650 ## - SUBJECT ADDED ENTRY--TOPICAL TERM
Topical term or geographic name entry element Consumer- education
Holdings
Withdrawn status Lost status Damaged status Not for loan Permanent Location Current Location Date acquired Full call number Barcode Date last seen Price effective from Koha item type
        Indian Institute of Public Administration Indian Institute of Public Administration 2018-08-04 T344x54 M566 GR18196 2018-08-04 2018-08-04 GR

Powered by Koha